| 000 | 00939nam a22001935i 4500 | ||
|---|---|---|---|
| 001 | 152325 | ||
| 003 | ES-MaACL | ||
| 005 | 20230906204634.0 | ||
| 008 | 000127s1884 sp |||| | spa d | ||
| 040 |
_aM-RACE _bspa _cM-RACE _dCCPB | B |
||
| 080 | _a575 | ||
| 100 | 1 |
_aBoixader y Solana, Juan. _929912 |
|
| 245 | 1 | 0 |
_aPrincipios de genética y sus primarias aplicaciones o Fundamentos de ciencia nueva, única y bases del documento social absoluto, definitivo, que marcan indeleble la nueva era científica y social / _csu autor Juan Boixader y Solana. |
| 260 |
_aMadrid : _b[s.n.], _c1884 ( _fimprenta y fundición de Manuel Tello) |
||
| 300 |
_aVIII, 549 p., [1] h. pleg. ; _c23 cm. |
||
| 650 | 4 |
_aGenética. _913057 |
|
| 740 | 0 | _aFundamentos de ciencia nueva, única y bases del documento social absoluto, definitivo, que marcan indeleble la nueva era científica y social. | |
| 852 |
_aES-MaACL _jF-12751 _z-- Enc. pasta española |
||
| 999 |
_c152325 _d152325 |
||